00322 a2200133 450000100060000002000180000604000240002410000150004824000420006324500370010530000060014236200090014865000310015747017 a9788578480851 cAnchieta - Aquarius aPrap, Lila10aVocê sabe tudo sobre cachorroslpor10aVocê sabe tudo sobre cachorros a 0 a2013 4aLiteratura infanto-juvenil